|
|
|
|
| LEADER |
00935nam a2200229 a 4500 |
| 008 |
090621s1998 nyu 001 0 eng d |
| 020 |
|
|
|a 0399135766 (alk. paper) :
|c $19.95 ($25.95 Can.)
|
| 020 |
|
|
|a 0143027697
|
| 082 |
0 |
0 |
|a 658.4
|2 20
|
| 100 |
1 |
|
|a Tucker, Robert B.,
|d 1953-
|
| 245 |
1 |
0 |
|a Managing the future :
|b 10 driving forces of change for the next century /
|c Robert B. Tucker.
|
| 260 |
|
|
|a New York :
|b Berkley Books ;
|a New Delhi :
|b Penguin Books,
|c c1998.
|
| 250 |
|
|
|a Updated ed., Berkley rev. trade pbk. ed.
|
| 300 |
|
|
|a 212 p. ;
|c 21 cm.
|
| 504 |
|
|
|a Includes index.
|
| 541 |
1 |
|
|e 00013351
|
| 650 |
|
0 |
|a Success in business.
|
| 650 |
|
0 |
|a Management.
|
| 650 |
|
0 |
|a Competition.
|
| 852 |
4 |
|
|a Ayesha Abed Library
|j General shelf
|
| 999 |
|
|
|c 1611
|d 1611
|
| 952 |
|
|
|0 0
|1 0
|2 ddc
|4 0
|6 658_400000000000000_TUC
|7 0
|9 1480
|a BRACUL
|b BRACUL
|c GEN
|d 2009-06-28
|g 255.00
|l 1
|m 12
|o 658.4 TUC
|p 3010013351
|r 2019-01-12
|s 2018-10-20
|t 1
|v 510.00
|w 2009-06-28
|y BK
|